| 000 | 00810nam a22002777a 4500 | ||
|---|---|---|---|
| 001 | BR9509553 | ||
| 003 | BR-BrBNA | ||
| 005 | 20230928094802.0 | ||
| 007 | ta | ||
| 008 | 230509b bl.||||| |||| 00| 0 por d | ||
| 040 |
_aBR-BrBNA _bpor _cBiblioteca Nacional de Agricultura |
||
| 041 | _a(Por) | ||
| 072 |
_aJ13; L01 _b5000 |
||
| 090 | _ 5000 BR9509553 | ||
| 100 | 1 | _aAzeredo, R.S'A. | |
| 110 | 1 |
_aSecretaria Nacional de Defesa Agropecuaria, Brasilia, DF (Brasil). Secretaria Sanitaria de Defesa Animal _99203 |
|
| 245 | 1 | _aMovimentacao de animais. Brasil - 1982-1986 | |
| 260 | 3 |
_aBrasilia, DF (Brasil): _c1986. |
|
| 300 | _a301 p. | ||
| 500 | _aNumerical data | ||
| 650 | _aMamifero Domestico | ||
| 650 | _aTransporte | ||
| 650 | _aAbate | ||
| 909 |
_a202309 _bLucia _c55 _dLucia Elande |
||
| 942 | _cBK | ||
| 999 |
_c52627 _d52627 |
||